Music Quiz

Random Music or Song Quiz
Score 0/132 Timer 15:00
0 Plays Today
% Correct
Can't Get You Out of My Head
89.8%
All the Lovers
85.1%
I Should Be So Lucky
84.7%
Slow
84.7%
The Loco-Motion
84.5%
2 Hearts
82%
Better the Devil You Know
81.6%
Kids (ft. Robbie Williams)
81.2%
Chocolate
81.2%
Red Blooded Woman
80.9%
Spinning Around
80.5%
Love at First Sight
79.2%
Love at First Sight
79.2%
Wow
78.9%
Get Outta My Way
78.3%
In My Arms
77.8%
The One
77.8%
On a Night Like This
76.7%
Aphrodite
76.3%
Confide in Me
75.8%
Enjoy Yourself
75.2%
Fever
74.5%
Put Yourself in My Place
73.4%
Hand on Your Heart
73.2%
Shocked
73.2%
In Your Eyes
72.7%
Rhythm of Love
72.5%
Let's Get to It
72.5%
Light Years
72.3%
Step Back in Time
72.1%
I Believe In You
72.1%
Got to Be Certain
70.3%
What Do I Have to Do
70.1%
Come Into My World
69.6%
Put Your Hands Up (If You Feel Love)
69.6%
Better than Today
69.4%
Breathe
68.5%
Where the Wild Roses Grow (ft. Nick Cave)
68.5%
Speakerphone
67.8%
Too Much
67.4%
Give Me Just a Little More Time
67.2%
Nu-di-ty
67%
Did It Again
66.5%
Illusion
66.5%
% Correct
Giving You Up
66.5%
Stars
66.1%
Like a Drug
65.9%
Tears on My Pillow
65.6%
Everything Is Beautiful
65%
Cosmic
64.7%
Closer
64.5%
If You Were with Me Now
64.3%
Looking for an Angel
64.1%
Never Too Late
63.6%
Please Stay
63.6%
Finer Feelings
62.1%
All I See
62.1%
Cupid Boy
61.9%
Can't Beat the Feeling
61.9%
No More Rain
61.4%
Wouldn't Change a Thing
60.8%
Je Ne Sais Pas Pourquoi
60.1%
Turn It into Love
60.1%
Heart Beat Rock
59.9%
Celebration
59.6%
It's No Secret
58.8%
Word Is Out
58.5%
Cowboy Style
52.3%
Your Disco Needs You
52.1%
Some Kind of Bliss
51.7%
Secret (Take You Home)
51.4%
More More More
48.3%
What Kind of Fool (Heard All That Before)
48.1%
Where Is the Feeling?
47.2%
Under the Influence of Love
47.2%
Butterfly
46.6%
Sensitized
46.6%
Burning Up
46.3%
Loveboat
45.2%
Too Far
44.6%
Limbo
43.9%
Dreams
43.9%
Dancefloor
43.9%
I'm Over Dreaming (Over You)
41.5%
Fragile
41.5%
Jump
41.2%
After Dark
41.2%
Disco Down
41%
% Correct
Love Affair
40.8%
One Boy Girl
40.6%
Drunk
40.4%
Still Standing
39.9%
Promises
39.9%
Things Can Only Get Better
39.7%
Bittersweet Goodbye
39.7%
Sweet Music
39.7%
Give It to Me
38.8%
Obsession
38.6%
Where In The World?
38.1%
Your Love
37.9%
Koocachoo
37.7%
So Now Goodbye
35.5%
I Guess I Like It Like That
35%
Loving Days
35%
Say Hey
34.8%
Automatic Love
34.1%
I'm So High
34.1%
Dangerous Game
33.9%
I Feel for You
33.9%
Someday
33.5%
Surrender
32.4%
I Don't Need Anyone
32.4%
The World Still Turns
30.8%
Tell Tale Signs
30.4%
I Miss You
29.7%
Look My Way
29.3%
Heaven and Earth
29%
Time Will Pass You By
29%
Where Has the Love Gone?
28.4%
Too Much of a Good Thing
27.9%
Secrets
26.8%
Through the Years
26.8%
Right Here, Right Now
26.6%
Falling
26.6%
If I Was Your Lover
25.5%
Live and Learn
25.1%
Always Find the Time
24.8%
My Secret Heart
24.4%
No World Without You
23.7%
Nothing to Lose
23.1%
I'll Still Be Loving You
22.6%
Count the Days
21.7%
Remove Ads.
Support Sporcle.
Get the best of Sporcle when you Go Orange. This ad-free experience offers more features, more stats, and more fun while also helping to support Sporcle. Thank you for becoming a member.

You're not logged in!

Compare scores with friends on all Sporcle quizzes.
OR
Log In

Show Comments

Extras

Top Quizzes Today


Score Distribution

Your Account Isn't Verified!

In order to create a playlist on Sporcle, you need to verify the email address you used during registration. Go to your Sporcle Settings to finish the process.

Report this User

Report this user for behavior that violates our Community Guidelines.

Details: